[Event "Nettetal op"]
[Site "Nettetal"]
[Date "2010.07.11"]
[Round "9"]
[White "Pilat, Fabian"]
[Black "Glasunov, Johann"]
[Result "1-0"]
[WhiteElo "1947"]
[BlackElo "1769"]
[PlyCount "29"]
[EventDate "2010.07.03"]
[EventType "swiss"]
[EventRounds "9"]
[EventCountry "GER"]
[SourceTitle "CBM 137 Extra"]
[Source "ChessBase"]
[SourceDate "2010.09.01"]
[SourceVersion "1"]
[SourceVersionDate "2010.09.01"]
[SourceQuality "1"]

1. d4 Nf6 2. Nf3 d5 3. e3 Bg4 4. h3 Bh5 5. g4 Bg6 6. Ne5 Nbd7 7. h4 h5 8. Nxg6 fxg6 9. Bd3 Kf7 10. g5 Ne4 11. Qf3+ Kg8 12. Nd2 Nxd2 13. Qxd5+ Kh7 14. Bxd2 e5 15. Qf7 1-0

[Event "Nettetal op"]
[Site "Nettetal"]
[Date "2010.07.06"]
[Round "4"]
[White "Glasunov, Johann"]
[Black "Westendorp, Christian"]
[Result "1-0"]
[WhiteElo "1769"]
[BlackElo "1832"]
[PlyCount "67"]
[EventDate "2010.07.03"]
[EventType "swiss"]
[EventRounds "9"]
[EventCountry "GER"]
[SourceTitle "CBM 137 Extra"]
[Source "ChessBase"]
[SourceDate "2010.09.01"]
[SourceVersion "1"]
[SourceVersionDate "2010.09.01"]
[SourceQuality "1"]

1. b4 c6 2. c4 d5 3. e3 Bf5 4. Bb2 e6 5. c5 Nf6 6. Nf3 Nbd7 7. d4 b6 8. Qa4 Qc7 9. Nc3 b5 10. Qb3 a5 11. a4 axb4 12. Qxb4 bxa4 13. Rxa4 Rb8 14. Qa3 Qb7 15. Ba1 Ne4 16. Nd2 Ndf6 17. Ba6 Qc7 18. f3 Ng5 19. Ne2 Nd7 20. h4 Ne4 21. fxe4 Bxe4 22. 0-0 Nf6 23. Nxe4 dxe4 24. Rb4 Rxb4 25. Qxb4 Ng4 26. Rf4 Nxe3 27. Qb7 Qxb7 28. Bxb7 Nd5 29. Bxc6+ Ke7 30. Rxe4 Nf6 31. Re3 g6 32. d5 Bh6 33. d6+ Kf8 34. Rf3 1-0